Renaissance and Reformation, 1300-1648 /

Bibliographic Details
Other Authors: Elton, G. R. (Geoffrey Rudolph)
Format: Book
Language:English
Published: New York : Macmillan, [1976]
Edition:3d ed.
Series:Ideas and institutions in Western civilization.
Subjects:

MARC

Tag First Indicator Second Indicator Subfields
LEADER 00000cam a2200000 i 4500
001 in00000426321
005 20151012054351.0
008 750220s1976 nyu b 00000 engm
010 |a  75005718  
020 |a 0023328401 
035 |a (OCoLC)01230659 
035 |9 ABU7431AM 
040 |a DLC  |c DLC  |d m.c.  |d TXA  |d UtOrBLW 
043 |a e------ 
049 |a TXAM  |c [A09533081] 
050 0 0 |a CB359  |b .R46 1976 
082 0 |a 909.07 
245 0 0 |a Renaissance and Reformation, 1300-1648 /  |c edited by G. R. Elton. 
250 |a 3d ed. 
264 1 |a New York :  |b Macmillan,  |c [1976] 
264 4 |c ©1976 
300 |a xii, 362 pages ;  |c 24 cm. 
336 |a text  |b txt  |2 rdacontent 
337 |a unmediated  |b n  |2 rdamedia 
338 |a volume  |b nc  |2 rdacarrier 
490 1 |a Ideas and institutions in Western civilization 
504 |a Includes bibliographical references. 
650 0 |a Renaissance  |v Sources. 
650 0 |a Reformation  |v Sources. 
700 1 |a Elton, G. R.  |q (Geoffrey Rudolph) 
830 0 |a Ideas and institutions in Western civilization. 
999 |a MARS 
999 f f |s 326f9381-e8ae-389d-87af-14af73ea17eb  |i 93289f1e-ad91-33b5-b6e8-8c57dfbce64e  |t 0 
952 f f |p ric  |a Texas A&M University  |b Rellis Campus  |c Joint Library Facility  |d Remote Storage  |t 0  |e CB359 .R46 1976  |h Library of Congress classification  |i unmediated -- volume  |m A14809533081 
998 f f |a CB359 .R46 1976  |t 0  |l Remote Storage